Exposición que la junta menor permanente de la compañía de minas Zacatecano - Mexicana, dirige a la augusta camara de senadores, en sosten del decreto que espidió la honorable legislatura del estado de Zacatecas con fecha 28 de febrero de 1851, reglamentado de la libre esplotación de sales. (Record no. 3515)

MARC details
000 -CABECERA
campo de control de longitud fija 00787nam a2200205 a 4500
001 - NÚMERO DE CONTROL
campo de control BRCA_3786
005 - FECHA Y HORA DE LA ÚLTIMA TRANSACCIÓN
campo de control 20190320204426.0
008 - DATOS DE LONGITUD FIJA--INFORMACIÓN GENERAL
campo de control de longitud fija 141109s1851----mx-a######---#000-0#spa-#
041 ## - CÓDIGO DE LENGUA
Código de lengua del texto/banda sonora o título independiente spa
044 ## - CÓDIGO DEL PAÍS DE LA ENTIDAD EDITORA/PRODUCTORA
Código MARC del país mx
050 #4 - SIGNATURA TOPOGRÁFICA DE LA BIBLIOTECA DEL CONGRESO
Número de clasificación F1391
Número de documento/Ítem .E96 1851
245 10 - MENCIÓN DE TÍTULO
Título Exposición que la junta menor permanente de la compañía de minas Zacatecano - Mexicana, dirige a la augusta camara de senadores, en sosten del decreto que espidió la honorable legislatura del estado de Zacatecas con fecha 28 de febrero de 1851, reglamentado de la libre esplotación de sales.
260 ## - PUBLICACIÓN, DISTRIBUCIÓN, ETC.
Lugar de publicación, distribución, etc. México
Nombre del editor, distribuidor, etc. Vicente García Torres
Fecha de publicación, distribución, etc. 1851
300 ## - DESCRIPCIÓN FÍSICA
Extensión 25 p.
Otras características físicas il.
Dimensiones 20 cm.
500 ## - NOTA GENERAL
Nota general B115.
650 14 - PUNTO DE ACCESO ADICIONAL DE MATERIA--TÉRMINO DE MATERIA
Término de materia o nombre geográfico como elemento de entrada Minas y recursos minerales
9 (RLIN) 7027
651 #4 - PUNTO DE ACCESO ADICIONAL DE MATERIA--NOMBRE GEOGRÁFICO
Nombre geográfico Zacatecas
Subdivisión de forma Historia
9 (RLIN) 9867
902 ## - CATALOGADOR
Iniciales GFM
942 ## - ELEMENTOS DE PUNTO DE ACCESO ADICIONAL (KOHA)
Fuente del sistema de clasificación o colocación Library of Congress Classification
Tipo de ítem Koha Libros
Holdings
Estado de retiro Estado de pérdida Estado dañado No para préstamo Localización permanente Ubicación/localización actual Fecha de adquisición Número de inventario Total de préstamos Signatura topográfica completa Código de barras Fecha visto por última vez Precio válido a partir de Tipo de ítem Koha
El ejemplar forma parte de la colección y puede ser consultado según las políticas vigentes.       Biblioteca del Museo Franz Mayer (Rogerio Casas-Alatriste) Biblioteca del Museo Franz Mayer (Rogerio Casas-Alatriste) 14/11/2009 B115.   F1391 .E96 1851 (B115.) 3783 22/03/2019 22/03/2019 Libros